1951 1585 1212 1350 1213 1568 1774 1402 1072 1718 1108 1412 1028 1978 1998 1061 1322 1968 1118 1588 1331 1982 1224 1438 1867 1971 1049 1880 1110 1772 1769 1056 1480 1626 1342 1931 1369 1779 1296 1891 1373 1137 1243 1501 1874 1461 1107 1733 1542 1186 1572 1558 1030 1533 1554 1490 1284 1350 1644 1881 1124 1159 1860 1819 1250 1285 1123 1762 1179 1480 1719 1661 1598 1530 1862 1759 1752 1217 1810 1012 1041 1882 1141 1318 1938 1054 1769 1659 1727 1608 1599 1574 1285 1963 1828 1155 1273 1034 1680 BCNSPRNW ULIB Ver.6.0+V

เปลี่ยนเป็นภาษาไทย

Change to English
 แสดงรายละเอียดบรรณานุกรม
  กลับหน้าหลัก

Brief Record : Get Marc (ISO 2709) : E-mail record : QR code < ปิดหน้าต่าง
LEADER : 00000nam 2200000uu 4500
001    13399120047
003     ULIB
008    020711s2552 th a 000 0 tha d
020    9786110600637
099    นว.^bป458ฟ
100    ปริญญ์
245    ฟ้าฝันตะวันหนาว/^cปริญญ์
260    กรุงเทพฯ :^bแจ่มใส,^c2552
300    249 หน้า
945    ^p159^l0^i15772
999    ^aทศพร เกษรทอง
รายการนี้ยังไม่มีแท็ก
คุณยังไม่ได้ล็อกอิน คุณสามารถมีกิจกรรมร่วมกับเว็บไซต์ได้ แต่ต้องล็อกอินก่อน ::
  ล็อกอิน

รายการสื่อสารสนเทศ

ลำดับที่ ประเภท เลขเรียก/บาร์โค้ด สถานที่ สถานะ
1. นวนิยาย
นวนิยาย
นว. ป458ฟ ฉ.1 
  Barcode: 15772
ห้องสมุดวิทยาเขตสวรรค์ประชารักษ์
►นวนิยาย
บนชั้น
  ขอยืม

BibComment


ยังไม่เคยถูกคอมเมนท์

คอมเมนท์ทรัพยากรรายการนี้
  คอมเมนท์: ฟ้าฝันตะวันหนาว ป..


 Copyright 2026. Bcnsprnw @Library